Diabetes a obezita časopis Slovenskej diabetologickej spoločnosti

Bibliographic Details
Other Authors: Mokáň, Marián, 1957- (Publishing director), Schroner, Zbynek (Publishing director)
Format: Journal
Language:Slovak
Czech
PhysicalDescription:zv. grafy, obr., tab. 30 cm
Online vydanie: Diabetes a obezita (Online) ISSN 2694-9326
Published: Martin Slovenská diabetologická spoločnosť 2001-
Brno Facta Medica, s.r.o.
Bratislava
ISSN:1335-8383
Subjects:
Online Access:https://www.diabetesaobezita.sk/

MARC

LEADER 00000cas a2200000 a 4500
001 vtls001475555
003 SK-MaSNL
005 20260228160706.0
008 040527c20019999xo fr p 0 0b0slo
022 |a 1335-8383 
035 |a SNK000430856 
035 |a (SVKBB03)vtls000070843 
040 |a SNK  |b slo  |c SNK  |d SAVUK  |e AACR2 
041 0 |a slo  |a cze  |b eng 
044 |a xo  |c SK 
072 7 |a 616  |x Patológia. Klinická medicína  |2 konspekt 
080 |a 616.379-008.64  |2 2011 
080 |a 616-056.257  |2 2011 
080 |a 050  |2 2011 
080 |a (051)-027.561  |2 2011 
210 0 |a Diabet. obez. 
222 0 |a Diabetes a obezita 
245 0 0 |a Diabetes a obezita  |b časopis Slovenskej diabetologickej spoločnosti 
260 |a Martin  |b Slovenská diabetologická spoločnosť  |c 2001- 
260 2 |3 2019-39/2020  |a Brno  |b Facta Medica, s.r.o. 
260 3 |3 40/2020-  |a Bratislava  |b Slovenská diabetologická spoločnosť 
300 |a zv.  |b grafy, obr., tab.  |c 30 cm 
310 |a 2x ročne 
362 0 |a Roč. 1, č. 1 (máj 2001)- 
500 |a Vedúci redaktor: 2001-2018, M. Mokáň ; 2019- , Zbynek Schroner 
500 |a Od r. 2013 je v tiráži uvádzané priebežné číslovanie aj č. 1 a 2 daného roku 
500 |a Časopis je indexovaný v Bibliographia medica Slovaca a zaradený do citačnej databázy CiBaMed 
500 |a V niektorých rokoch vyšli Suplementy 
500 |a Registračné číslo: EV 5900/20 
504 |a Bibliogr. 
515 |a Priebežné číslovanie 
525 |a Supplementum v r. 2007 venované XVII. Diabetologickým dňom v Martine, 23.-25. máj 2007 
530 |a Online vydanie: Diabetes a obezita (Online) ISSN 2694-9326 
546 |a Čiast. text aj čes. ; res. angl. 
550 |a Vydáva Slovenská diabetologická spoločnosť vo vydavateľstve Facta Medica 
650 0 7 |a obezita  |2 SNKPH  |9 2527 
650 0 7 |a diabetes mellitus  |2 SNKPHeng  |9 72741 
650 0 7 |a Obesity  |2 SNKPHeng  |9 267141 
650 0 7 |a diabetes mellitus  |2 SNKPH  |9 72741 
655 7 |a odborné časopisy  |2 SNKPH  |9 70505 
655 7 |a Professional journals  |2 SNKPHeng  |9 265007 
700 1 |a Mokáň, Marián,  |d 1957-  |4 pbd  |9 106742 
700 1 |a Schroner, Zbynek,  |4 pbd  |9 267142 
710 2 |a Slovenská diabetologická spoločnosť  |4 pbl  |9 158662 
852 |a Štátna vedecká knižnica v Banskej Bystrici 
856 4 1 |u https://www.diabetesaobezita.sk/ 
910 |a snk 
910 |a savuk 
916 |a 2001-2013, 2014, 2015-2018, 2019-2021 
999 |c 3374  |d 5304 
952 |0 0  |1 0  |4 0  |7 0  |8 0  |a SNK  |b SNK  |d 2014-10-10  |f 1  |i snk2014/21282  |l 0  |o snkČSB 5698/10/2010  |p 17A1089051  |r 2026-02-21 19:44:58  |t č. 19-20  |w 2026-02-21  |y PREZ 
952 |0 0  |1 0  |4 0  |7 0  |8 0  |a SNK  |b SNK  |d 2014-10-10  |i snk2014/21284  |l 0  |o snkČSB 5698/10/2010 D1  |p 17A1089052  |r 2026-02-21 19:44:58  |t č. 19-20  |w 2026-02-21  |y PREZ 
952 |0 0  |1 0  |4 0  |7 0  |8 0  |a SNK  |b SNK  |d 2014-10-10  |f 1  |i snk2014/21285  |l 0  |o snkČSB 5698/11/2011  |p 17A1089053  |r 2026-02-21 19:44:58  |t č. 21-22  |w 2026-02-21  |y PREZ 
952 |0 0  |1 0  |4 0  |7 0  |8 0  |a SNK  |b SNK  |d 2014-10-10  |i snk2014/21286  |l 0  |o snkČSB 5698/11/2011 D1  |p 17A1089054  |r 2026-02-21 19:44:58  |t č. 21-22  |w 2026-02-21  |y PREZ 
952 |0 0  |1 0  |4 0  |7 0  |8 0  |a SNK  |b SNK  |d 2014-10-10  |f 1  |i snk2014/21287  |l 0  |o snkČSB 5698/12/2012  |p 17A1089055  |r 2026-02-21 19:44:58  |t č. 23-24  |w 2026-02-21  |y PREZ 
952 |0 0  |1 0  |4 0  |7 0  |8 0  |a SNK  |b SNK  |d 2014-10-10  |i snk2014/21288  |l 0  |o snkČSB 5698/12/2012 D1  |p 17A1089056  |r 2026-02-21 19:44:58  |t č. 23-24  |w 2026-02-21  |y PREZ 
952 |0 0  |1 0  |4 0  |7 0  |8 0  |a SNK  |b SNK  |d 2014-10-10  |f 1  |i snk2014/21298  |l 0  |o snkČSB 5698/13/2013  |p 17A1089057  |r 2026-02-21 19:44:58  |t č. 25-26 + 2 supplementy  |w 2026-02-21  |y PREZ 
952 |0 0  |1 0  |4 0  |7 0  |8 0  |a SNK  |b SNK  |d 2014-10-10  |i snk2014/21301  |l 0  |o snkČSB 5698/13/2013 D1  |p 17A1089058  |r 2026-02-21 19:44:58  |t č. 25-26 + 2 supplementy  |w 2026-02-21  |y PREZ 
952 |0 0  |1 0  |4 0  |7 0  |8 0  |a SNK  |b SNK  |d 2023-07-06  |i snk2023/10537  |l 0  |o snkČSB 5698/19/2019 D1  |p 17A1520552  |r 2026-02-21 19:47:33  |t č. 37-38, neúplné  |w 2026-02-21  |y PREZ  |z Chýba č. 37 
952 |0 0  |1 0  |4 0  |7 0  |8 0  |a SNK  |b SNK  |d 2023-07-06  |i snk2023/10538  |l 0  |o snkČSB 5698/20/2020 D1  |p 17A1520551  |r 2026-02-21 19:47:33  |t č. 39-40 + supl.  |w 2026-02-21  |y PREZ  |z Suplement 1 - sept. 2020 
952 |0 0  |1 0  |4 0  |7 0  |8 0  |a SNK  |b SNK  |d 2023-07-06  |i snk2023/10540  |l 0  |o snkČSB 5698/21/2021 D1  |p 17A1520550  |r 2026-02-21 19:47:50  |t č. 41-42 + supl.  |w 2026-02-21  |y PREZ  |z Suplement 1 - máj 2021 
952 |0 0  |1 0  |4 0  |7 0  |8 0  |a SNK  |b SNK  |d 2023-07-06  |i snk2023/10542  |l 0  |o snkČSB 5698/22/2022  |p 17A1520549  |r 2026-02-21 19:47:51  |t č. 43-44  |w 2026-02-21  |y PREZ 
952 |0 0  |1 0  |4 0  |7 0  |8 0  |a SNK  |b SNK  |d 2025-03-05  |i snk2025/3983  |l 0  |o snkČSB 5698/22/2022 D1  |p 17A1525630  |r 2026-02-21 19:50:33  |t č. 43-44  |w 2026-02-21  |y PREZ 
952 |0 0  |1 0  |4 0  |7 0  |8 0  |a SNK  |b SNK  |d 2025-03-05  |i snk2025/3985  |l 0  |o snkČSB 5698/23/2023  |p 17A1525631  |r 2026-02-21 19:50:33  |t č. 45-46  |w 2026-02-21  |y PREZ 
952 |0 0  |1 0  |4 0  |7 0  |8 0  |a SNK  |b SNK  |d 2025-03-05  |i snk2025/3986  |l 0  |o snkČSB 5698/23/2023 D1  |p 17A1525632  |r 2026-02-21 19:50:33  |t č. 45-46  |w 2026-02-21  |y PREZ 
952 |0 0  |1 0  |4 0  |7 0  |8 0  |a SNK  |b SNK  |d 2025-03-05  |i snk2025/3990  |l 0  |o snkČSB 5698/24/2024  |p 17A1525633  |r 2026-02-21 19:50:33  |t č. 47-48 + supl.  |w 2026-02-21  |y PREZ  |z Suplement roč. 24, september 2024 
952 |0 0  |1 0  |4 0  |7 0  |8 0  |a SNK  |b SNK  |d 2010-10-06  |f 1  |i snk2010/21428  |l 0  |o snkČSB 5698/1/2001  |p 17A0661855  |r 2026-02-21 19:55:31  |t č. 1-2  |w 2026-02-21  |y PREZ 
952 |0 0  |1 0  |4 0  |7 0  |8 0  |a SNK  |b SNK  |d 2010-10-06  |i snk2010/21431  |l 0  |o snkČSB 5698/1/2001 D1  |p 17A0661856  |r 2026-02-21 19:55:31  |t č. 1-2  |w 2026-02-21  |y PREZ 
952 |0 0  |1 0  |4 0  |7 0  |8 0  |a SNK  |b SNK  |d 2010-10-06  |f 1  |i snk2010/21432  |l 0  |o snkČSB 5698/2/2002  |p 17A0661857  |r 2026-02-21 19:55:31  |t č. 3-4  |w 2026-02-21  |y PREZ 
952 |0 0  |1 0  |4 0  |7 0  |8 0  |a SNK  |b SNK  |d 2010-10-06  |i snk2010/21434  |l 0  |o snkČSB 5698/2/2002 D1  |p 17A0661858  |r 2026-02-21 19:55:31  |t č. 3-4  |w 2026-02-21  |y PREZ 
952 |0 0  |1 0  |4 0  |7 0  |8 0  |a SNK  |b SNK  |d 2010-10-06  |f 1  |i snk2010/21436  |l 0  |o snkČSB 5698/3/2003  |p 17A0661859  |r 2026-02-21 19:55:32  |t č. 5-6  |w 2026-02-21  |y PREZ 
952 |0 0  |1 0  |4 0  |7 0  |8 0  |a SNK  |b SNK  |d 2010-10-06  |i snk2010/21437  |l 0  |o snkČSB 5698/3/2003 D1  |p 17A0661860  |r 2026-02-21 19:55:32  |t č. 5-6  |w 2026-02-21  |y PREZ 
952 |0 0  |1 0  |4 0  |7 0  |8 0  |a SNK  |b SNK  |d 2010-10-06  |f 1  |i snk2010/21438  |l 0  |o snkČSB 5698/4/2004  |p 17A0661861  |r 2026-02-21 19:55:32  |t č. 7-8  |w 2026-02-21  |y PREZ 
952 |0 0  |1 0  |4 0  |7 0  |8 0  |a SNK  |b SNK  |d 2010-10-06  |f 1  |i snk2010/21440  |l 0  |o snkČSB 5698/5/2005  |p 17A0661863  |r 2026-02-21 19:55:32  |t č. 9-10  |w 2026-02-21  |y PREZ 
952 |0 0  |1 0  |4 0  |7 0  |8 0  |a SNK  |b SNK  |d 2010-10-06  |i snk2010/21441  |l 0  |o snkČSB 5698/5/2005 D1  |p 17A0661864  |r 2026-02-21 19:55:32  |t č. 9-10  |w 2026-02-21  |y PREZ 
952 |0 0  |1 0  |4 0  |7 0  |8 0  |a SNK  |b SNK  |d 2010-10-06  |i snk2010/21443  |l 0  |o snkČSB 5698/6/2006 D1  |p 17A0661519  |r 2026-02-21 19:55:32  |t č. 11-12  |w 2026-02-21  |y PREZ 
952 |0 0  |1 0  |4 0  |7 0  |8 0  |a SNK  |b SNK  |d 2010-10-06  |f 1  |i snk2010/21444  |l 0  |o snkČSB 5698/7/2007  |p 17A0661866  |r 2026-02-21 19:55:32  |t č. 13-14  |w 2026-02-21  |y PREZ 
952 |0 0  |1 0  |4 0  |7 0  |8 0  |a SNK  |b SNK  |d 2010-10-06  |f 1  |i snk2010/21445  |l 0  |o snkČSB 5698/8/2008  |p 17A0661867  |r 2026-02-21 19:55:32  |t č. 15-16  |w 2026-02-21  |y PREZ 
952 |0 0  |1 0  |4 0  |7 0  |8 0  |a SNK  |b SNK  |d 2010-10-06  |i snk2010/21446  |l 0  |o snkČSB 5698/8/2008 D1  |p 17A0661868  |r 2026-02-21 19:55:32  |t č. 15-16  |w 2026-02-21  |y PREZ 
952 |0 0  |1 0  |4 0  |7 0  |8 0  |a SNK  |b SNK  |d 2010-10-06  |f 1  |i snk2010/21447  |l 0  |o snkČSB 5698/9/2009  |p 17A0661869  |r 2026-02-21 19:55:32  |t č. 17-18  |w 2026-02-21  |y PREZ 
952 |0 0  |1 0  |4 0  |7 0  |8 0  |a SNK  |b SNK  |d 2010-10-06  |i snk2010/21449  |l 0  |o snkČSB 5698/9/2009 D1  |p 17A0661520  |r 2026-02-21 19:55:32  |t č. 17-18  |w 2026-02-21  |y PREZ 
952 |0 0  |1 0  |4 0  |7 0  |8 0  |a SNK  |b SNK  |d 2022-06-28  |f 1  |i snk2022/10667  |l 0  |o snkČSB 5698/19/2019  |p 17A1463477  |r 2026-02-21 20:01:45  |t č. 37-38  |w 2026-02-21  |y PREZ 
952 |0 0  |1 0  |4 0  |7 0  |8 0  |a SNK  |b SNK  |d 2022-06-28  |f 1  |i snk2022/10668  |l 0  |o snkČSB 5698/20/2020  |p 17A1463478  |r 2026-02-21 20:01:45  |t č. 39-40 + supl.   |w 2026-02-21  |y PREZ  |z Suplement 1 - sept. 2020 
952 |0 0  |1 0  |4 0  |7 0  |8 0  |a SNK  |b SNK  |d 2022-06-28  |f 1  |i snk2022/10669  |l 0  |o snkČSB 5698/21/2021  |p 17A1463479  |r 2026-02-21 20:01:45  |t č. 41-42 + supl.  |w 2026-02-21  |y PREZ  |z Suplement 1 - máj 2021 
952 |0 0  |1 0  |4 0  |7 0  |8 0  |a SNK  |b SNK  |d 2010-10-06  |i snk2010/21439  |l 0  |o snkČSB 5698/4/2004 D1  |p 17A0661862  |r 2026-02-21 20:08:53  |t č. 7-8  |w 2026-02-21  |y PREZ 
952 |0 0  |1 0  |4 0  |7 0  |8 0  |a SNK  |b SNK  |d 2010-10-06  |f 1  |i snk2010/21442  |l 0  |o snkČSB 5698/6/2006  |p 17A0661865  |r 2026-02-21 20:29:17  |t č. 11-12  |w 2026-02-21  |y PREZ 
952 |0 0  |1 0  |4 0  |7 0  |8 0  |a SNK  |b SNK  |d 2015-06-22  |f 1  |i snk2015/19363  |l 0  |o snkČSB 5698/14/2014  |p 17A1144780  |r 2026-02-21 21:46:20  |t č. 27-28  |w 2026-02-21  |y PREZ 
952 |0 0  |1 0  |4 0  |7 0  |8 0  |a SNK  |b SNK  |d 2015-06-22  |i snk2015/19364  |l 0  |o snkČSB 5698/14/2014 D1  |p 17A1144779  |r 2026-02-21 21:46:20  |t č. 27-28  |w 2026-02-21  |y PREZ 
952 |0 0  |1 0  |4 0  |7 0  |8 0  |a SNK  |b SNK  |d 2019-09-30  |f 1  |i snk2019/24426  |l 0  |o snkČSB 5698/18/2018  |p 17A1383608  |r 2026-02-21 21:52:39  |t č. 35-36  |w 2026-02-21  |y PREZ 
952 |0 0  |1 0  |4 0  |7 0  |8 0  |a SNK  |b SNK  |d 2019-09-30  |i snk2019/24429  |l 0  |o snkČSB 5698/18/2018 D1  |p 17A1383609  |r 2026-02-21 21:52:39  |t č. 35-36  |w 2026-02-21  |y PREZ 
952 |0 0  |1 0  |4 0  |7 0  |8 0  |a SNK  |b SNK  |d 2016-08-04  |f 1  |i snk2016/18581  |l 0  |o snkČSB 5698/15/2015  |p 17A1098539  |r 2026-02-21 21:54:44  |t č. 29-30  |w 2026-02-21  |y PREZ 
952 |0 0  |1 0  |4 0  |7 0  |8 0  |a SNK  |b SNK  |d 2016-08-04  |i snk2016/18640  |l 0  |o snkČSB 5698/15/2015 D1  |p 17A1202210  |r 2026-02-21 21:54:49  |t č. 29-30  |w 2026-02-21  |y PREZ 
952 |0 0  |1 0  |4 0  |7 1  |8 0  |a SNK  |b SNK  |d 2018-05-09  |i snk2018/10026  |l 0  |o snkČSB 5698/7/2007 D1  |p 17A1326087  |r 2026-02-21 22:05:30  |t č. 13-14, neúplné  |w 2026-02-21  |y NEVYP  |z Chýba č. 14 
952 |0 0  |1 0  |4 0  |7 0  |8 0  |a SNK  |b SNK  |d 2018-08-13  |f 1  |i snk2018/16606  |l 0  |o snkČSB 5698/16/2016  |p 17A1327836  |r 2026-02-21 22:19:19  |t č. 31-32  |w 2026-02-21  |y PREZ 
952 |0 0  |1 0  |4 0  |7 0  |8 0  |a SNK  |b SNK  |d 2018-08-13  |i snk2018/16607  |l 0  |o snkČSB 5698/16/2016 D1  |p 17A1327835  |r 2026-02-21 22:19:19  |t č. 31-32  |w 2026-02-21  |y PREZ 
952 |0 0  |1 0  |4 0  |7 0  |8 0  |a SNK  |b SNK  |d 2018-08-13  |f 1  |i snk2018/16608  |l 0  |o snkČSB 5698/17/2017  |p 17A1327834  |r 2026-02-21 22:19:19  |t č. 33-34  |w 2026-02-21  |y PREZ 
952 |0 0  |1 0  |4 0  |7 0  |8 0  |a SNK  |b SNK  |d 2018-08-13  |i snk2018/16610  |l 0  |o snkČSB 5698/17/2017 D1  |p 17A1327833  |r 2026-02-21 22:19:19  |t č. 33-34  |w 2026-02-21  |y PREZ